<?xml version="1.0" encoding="UTF-8"?>
<marc:record xmlns:marc="http://www.loc.gov/MARC21/slim">
   <marc:leader>00000nam a2200000 a 4500</marc:leader>
   <marc:datafield ind1="1" ind2=" " tag="100">
      <marc:subfield code="a">Widmark, Martin</marc:subfield>
      <marc:subfield code="4">aut</marc:subfield>
      <marc:subfield code="e">Verfasser/-in</marc:subfield>
   </marc:datafield>
   <marc:datafield ind1="0" ind2="0" tag="245">
      <marc:subfield code="a">Weihnachten in Valleby</marc:subfield>
   </marc:datafield>
   <marc:datafield ind1="0" ind2="0" tag="245">
      <marc:subfield code="b">Mit 26 Rätseln</marc:subfield>
   </marc:datafield>
   <marc:datafield ind1=" " ind2="1" tag="264">
      <marc:subfield code="b">Ueberreuter Verlag GmbH</marc:subfield>
      <marc:subfield code="c">2020</marc:subfield>
   </marc:datafield>
   <marc:datafield ind1="1" ind2=" " tag="490">
      <marc:subfield code="a">Detektivbüro LasseMaja</marc:subfield>
   </marc:datafield>
   <marc:datafield ind1="1" ind2=" " tag="520">
      <marc:subfield code="a">Ausgerechnet an Weihnachten fällt in ganz Valleby der Strom aus. Ein eiliger Fall für das berühmte Detektivbüro LasseMaja! Doch um ihn aufzuklären müssen 26 knifflige Rätsel gelöst werden. Jetzt brauchen Lasse und Maja ihre Leser: Wenn sie alle Codes entschlüsseln, die Labyrinthe lösen und klug kombinieren können, gibt es am Ende ein wunderschönes Weihnachtsfest. Der LasseMaja-Weihnachtsband zum Mitmachen! [Verlagstext]</marc:subfield>
   </marc:datafield>
   <marc:datafield ind1=" " ind2=" " tag="020">
      <marc:subfield code="a">9783764151997</marc:subfield>
      <marc:subfield code="9">9783764151997</marc:subfield>
   </marc:datafield>
</marc:record>
